<?xml version="1.0" encoding="UTF-8"?>
<record
    xmlns:xsi="http://www.w3.org/2001/XMLSchema-instance"
    xsi:schemaLocation="http://www.loc.gov/MARC21/slim http://www.loc.gov/standards/marcxml/schema/MARC21slim.xsd"
    xmlns="http://www.loc.gov/MARC21/slim">

  <leader>02188nam a2200169Ia 4500</leader>
  <controlfield tag="001">6547</controlfield>
  <controlfield tag="008">260430s9999    xx            000 0 und d</controlfield>
  <datafield tag="020" ind1=" " ind2=" ">
    <subfield code="a">9780500544471</subfield>
  </datafield>
  <datafield tag="245" ind1=" " ind2="4">
    <subfield code="a">The Thames &amp; Hudson Dictionary of Photography/ </subfield>
    <subfield code="c">Edited by Nathalie Herschdorfer. </subfield>
  </datafield>
  <datafield tag="260" ind1=" " ind2=" ">
    <subfield code="a">London; </subfield>
    <subfield code="b">Thames &amp; Hudson; </subfield>
    <subfield code="c">2015</subfield>
  </datafield>
  <datafield tag="300" ind1=" " ind2=" ">
    <subfield code="a">440 p; </subfield>
    <subfield code="c">31x20cm</subfield>
  </datafield>
  <datafield tag="520" ind1=" " ind2=" ">
    <subfield code="a">A comprehensive reference work covering the history, art, science, terminology, major figures, techniques, and movements of photography. Compiled under the editorial guidance of curator, writer, and art historian Nathalie Herschdorfer, and in consultation with an international panel of 150 experts, this volume is based on entirely new scholarship by seventy-seven researchers from sixteen countries.   Contributors include Mathilde Arriv&#xE9;, Elisa Baitel, Heide Barrenchea, Laetitia Barr&#xE8;re, H&#xE9;l&#xE8;ne Beade, Rapha&#xEB;le Bertho, Muriel Berthou Crestey, Lindsay Bolanos, Michaela Bo&#x161;&#xE1;kov&#xE1;, Clara Bouveresse, Adrienne Bouvet, Natasha Bullock, Alice Carver-Kubik, Nathalie Casemajor Loustau, H&#xE9;lo&#xEF;se Con&#xE9;sa, Laure Cu&#xE9;rel, Corinne Currat, Nathalie Dietschy, Lydia Dorner, Helen Ennis, Aurore Fossier, Marie Gauther, Stefanie Gerke, William Green, Christine G&#xFC;ckel-Daxer, Takahiro Ito, Min-Young Jeon, Vera Loon, Marc Lenot, Constance Labb&#xE9;, Graham Howe, Christine Hansen, Emily Kay Henson, Claus Gunti, Samuel Dufour, Joanne Jung, Jean Kempf, Masha Kremnezer, Athol McCredie, Emily McKibbon, Jonathan Mahu, Pauline Martin, G&#xE1;bor M&#xE1;t&#xE9;, Nolwenn M&#xE9;gard, Laureline Meizel, Christelle Michel, Marine N&#xE9;d&#xE9;lec, Cl&#xE9;mentine Odier, H&#xE9;l&#xE8;ne Orain, Ken Orchard, Maude Oswald, Allan Phoenix, H&#xE9;lo&#xEF;se Pocr&#xFD;, Ariane Pollet, Maud Pollien, Erika Raberg, Anna-Kaisa Rastenberger, Caroline Roche, Ana&#xEB;lle Rod, Holly Roussell Perret-Gentil, Elisa Rusca, Manon Saudan, Johanna Sch&#xE4;r, Danielle Shrestha McAllister, C&#xE9;cile Simonet, Wim van Sinderen, Edward Stokes, Anna Tellgren, Veronika Tocha, Agata Ubysz, Rachel Verbin, Emily Wagner Phoenix, Anne-Marie Walsh, Alana West, Perin Emel Yavuz, Fatma Zrann. </subfield>
  </datafield>
  <datafield tag="546" ind1=" " ind2=" ">
    <subfield code="a">English</subfield>
  </datafield>
  <datafield tag="650" ind1=" " ind2=" ">
    <subfield code="a">TR624-835- Applied Photography- Artistic</subfield>
  </datafield>
  <datafield tag="655" ind1=" " ind2=" ">
    <subfield code="a">Dictionary</subfield>
    <subfield code="9">9383</subfield>
  </datafield>
  <datafield tag="942" ind1=" " ind2=" ">
    <subfield code="c">BK </subfield>
  </datafield>
  <datafield tag="999" ind1=" " ind2=" ">
    <subfield code="c">6547</subfield>
    <subfield code="d">6547</subfield>
  </datafield>
  <datafield tag="952" ind1=" " ind2=" ">
    <subfield code="0">0</subfield>
    <subfield code="1">0</subfield>
    <subfield code="4">0</subfield>
    <subfield code="7">0</subfield>
    <subfield code="8">T</subfield>
    <subfield code="a">SAFL</subfield>
    <subfield code="b">PHGAL</subfield>
    <subfield code="d">2026-04-27</subfield>
    <subfield code="l">0</subfield>
    <subfield code="o">TR624-835 201.158</subfield>
    <subfield code="p">6547</subfield>
    <subfield code="r">2026-04-30</subfield>
    <subfield code="w">2026-04-30</subfield>
    <subfield code="y">BK</subfield>
  </datafield>
</record>
